[Event "Altensteig"]
[Site "Altensteig"]
[Date "1991.??.??"]
[Round "2"]
[White "Lutz, Christopher"]
[Black "Muse, Mladen"]
[Result "1/2-1/2"]
[WhiteElo "2545"]
[BlackElo "2445"]
[PlyCount "42"]
[EventDate "1991.07.??"]
[Source "ChessBase"]

1. d4 Nf6 2. c4 g6 3. Nc3 d5 4. cxd5 Nxd5 5. e4 Nxc3 6. bxc3 Bg7 7. Bc4 O-O 8. Be3 b6 9. Nf3 Bb7 10. Qc2 Nd7 11. O-O Nf6 12. Bd3 Qc8 13. c4 c5 14. d5 Ng4 15. Bf4 Bxa1 16. Rxa1 Nf6 17. e5 Nxd5 18. cxd5 Bxd5 19. Bh6 Rd8 20. Qc3 Qg4 21. Be2 Qb4 1/2-1/2

[Event "Ubeda op"]
[Site "Ubeda"]
[Date "1997.??.??"]
[Round "7"]
[White "Volke, Karsten"]
[Black "Avrukh, Boris"]
[Result "0-1"]
[WhiteElo "2465"]
[BlackElo "2520"]
[PlyCount "94"]
[EventDate "1997.02.??"]
[Source "ChessBase"]

1. d4 Nf6 2. c4 g6 3. Nc3 d5 4. cxd5 Nxd5 5. e4 Nxc3 6. bxc3 Bg7 7. Bc4 c5 8. Ne2 Nc6 9. Be3 cxd4 10. cxd4 Qa5+ 11. Bd2 Qd8 12. Be3 Qa5+ 13. Bd2 Qh5 14. d5 Ne5 15. Bb5+ Bd7 16. Bxd7+ Nxd7 17. Rb1 O-O 18. O-O Nc5 19. f3 b6 20. Bf4 f5 21. Ng3 Qh4 22. Qd2 fxe4 23. Bg5 e3 24. Bxe3 Rad8 25. Rbd1 Rd7 26. Qe2 Rfd8 27. Bxc5 bxc5 28. Qe3 Kf8 29. Ne2 Qf6 30. Qe4 e6 31. d6 Qe5 32. Nf4 Kf7 33. g3 Qxe4 34. fxe4 Rxd6 35. Rc1 Ke7 36. Kg2 Rd2+ 37. Kh3 Rc8 38. a3 c4 39. Rf3 Bb2 40. Rcf1 c3 41. Nd3 Rxd3 42. Rxd3 c2 43. Rb3 c1=Q 44. Rxc1 Bxc1 45. Rb7+ Kf6 46. Rxa7 h5 47. Ra5 Rc2 0-1

[Event "URS-FL56"]
[Site "Simferopol"]
[Date "1988.??.??"]
[Round "?"]
[White "Lputian, Smbat G"]
[Black "Dvoirys, Semen I"]
[Result "0-1"]
[WhiteElo "2540"]
[BlackElo "2440"]
[PlyCount "152"]
[EventDate "1988.11.??"]
[Source "ChessBase"]

1. d4 Nf6 2. c4 g6 3. Nc3 d5 4. cxd5 Nxd5 5. e4 Nxc3 6. bxc3 Bg7 7. Bc4 c5 8. Ne2 Nc6 9. Be3 cxd4 10. cxd4 Qa5+ 11. Kf1 Bd7 12. h4 Rc8 13. Rc1 O-O 14. h5 e6 15. hxg6 hxg6 16. Qd3 b5 17. Bb3 Nb4 18. Qd2 Rxc1+ 19. Nxc1 Nc6 20. Qd3 b4 21. Ne2 Rd8 22. Bh6 Bxd4 23. Qh3 Bf6 24. Be3 Bc8 25. Nf4 Ne7 26. Kg1 Qe5 27. Qh7+ Kf8 28. Rh3 Qxe4 29. Ba4 Bd7 30. Nh5 Be5 31. Bh6+ Ke8 32. Ng7+ Bxg7 33. Bxd7+ Kxd7 34. Qxg7 Qe1+ 35. Kh2 Qxf2 36. Bg5 Kc6 37. Rf3 Qc5 38. Be3 Qh5+ 39. Rh3 Qf5 40. Rf3 Qd5 41. Qxf7 Rh8+ 42. Kg1 Qd1+ 43. Rf1 Qd6 44. Rc1+ Kb7 45. Bc5 Qh2+ 46. Kf1 Rh7 47. Qf3+ Nd5 48. a3 Qf4 49. Qxf4 Nxf4 50. Rb1 Nd3 51. Bg1 a5 52. Ke2 Rd7 53. Be3 Kc6 54. axb4 Nxb4 55. Rc1+ Kb7 56. Rc4 e5 57. Rg4 Rg7 58. Rg5 Nc6 59. Kd3 Kc7 60. Bc5 Kd7 61. Ke4 Ke6 62. Rg3 Nd8 63. Rb3 Rc7 64. Bb6 Rc4+ 65. Kd3 Ra4 66. Rc3 Nf7 67. Rc6+ Kf5 68. g4+ Rxg4 69. Bxa5 Rg3+ 70. Ke2 g5 71. Bb4 g4 72. Be7 Ng5 73. Rf6+ Ke4 74. Kf2 Rb3 75. Rg6 Nh3+ 76. Kf1 Rb1+ 0-1

[Event "Malaga op"]
[Site "Malaga"]
[Date "2002.03.01"]
[Round "8"]
[White "Komljenovic, Davor"]
[Black "Herrera, Irisberto"]
[Result "0-1"]
[WhiteElo "2505"]
[BlackElo "2474"]
[PlyCount "63"]
[EventDate "2002.02.22"]
[Source "ChessBase"]
[SourceDate "2002.03.14"]

1. d4 Nf6 2. c4 g6 3. Nc3 d5 4. cxd5 Nxd5 5. e4 Nxc3 6. bxc3 Bg7 7. Bc4 c5 8. Ne2 Nc6 9. d5 Na5 10. Bb5+ Bd7 11. a4 O-O 12. O-O b6 13. Bg5 Bxb5 14. axb5 Qd7 15. Rb1 e6 16. Qd3 exd5 17. exd5 Rfe8 18. h3 Re5 19. Bf4 Rxd5 20. Qc2 Re8 21. c4 Qf5 22. Rbc1 Qxc2 23. Rxc2 Rd7 24. Be3 Re4 25. Rfc1 Nb3 26. Rb1 Nd4 27. Nxd4 cxd4 28. Rd2 Rc7 29. Bg5 Rxc4 30. Ra1 h6 31. f3 Re8 32. Bf4 0-1

[Event "Nikolaev zt"]
[Site "Nikolaev"]
[Date "1993.??.??"]
[Round "?"]
[White "Savchenko, Stanislav"]
[Black "Shmuter, Leonid"]
[Result "1-0"]
[WhiteElo "2535"]
[BlackElo "2440"]
[PlyCount "71"]
[EventDate "1993.03.??"]
[Source "ChessBase"]

1. d4 Nf6 2. c4 g6 3. Nc3 d5 4. cxd5 Nxd5 5. e4 Nxc3 6. bxc3 Bg7 7. Bc4 c5 8. Ne2 Nc6 9. Be3 cxd4 10. cxd4 Qa5+ 11. Kf1 Bd7 12. h4 h5 13. Rb1 Nd8 14. Qd3 Rc8 15. f3 O-O 16. Kf2 e5 17. Bd2 Qc7 18. Rhc1 Nc6 19. d5 Nd4 20. Nxd4 exd4 21. g3 b5 22. Bxb5 Qd8 23. f4 Re8 24. Rxc8 Qxc8 25. Rc1 Qb7 26. Bc6 Bxc6 27. dxc6 Qb6 28. Qb3 Bf8 29. c7 Rc8 30. Qxb6 axb6 31. Rc6 Ba3 32. Bc1 Be7 33. Bb2 Bc5 34. a4 d3+ 35. Kf3 Bg1 36. Rd6 1-0

[Event "Beersheba"]
[Site "Beersheba"]
[Date "1996.??.??"]
[Round "8"]
[White "Avrukh, Boris"]
[Black "Vydeslaver, Alik"]
[Result "1/2-1/2"]
[WhiteElo "2495"]
[BlackElo "2480"]
[PlyCount "72"]
[EventDate "1996.03.??"]
[Source "ChessBase"]

1. d4 Nf6 2. c4 g6 3. Nc3 d5 4. cxd5 Nxd5 5. e4 Nxc3 6. bxc3 Bg7 7. Bc4 c5 8. Ne2 cxd4 9. cxd4 Nc6 10. Be3 O-O 11. O-O b6 12. Rc1 Bb7 13. Qa4 Rc8 14. Bb5 Na5 15. Rxc8 Qxc8 16. d5 Qc7 17. Nd4 Rc8 18. Be2 h6 19. h4 h5 20. Rc1 Qd8 21. Rb1 Qc7 22. Nb5 Qd7 23. Qb4 Ba6 24. Nxa7 Bxe2 25. Nxc8 Qxc8 26. Qxb6 Nc4 27. Qb8 Qxb8 28. Rxb8+ Kh7 29. Bc5 Nd6 30. f4 Nxe4 31. Bxe7 Bd4+ 32. Kh2 Nf2 33. d6 Ng4+ 34. Kg3 Bf2+ 35. Kh3 Ne3 36. Rb1 Bd3 1/2-1/2

[Event "Bundesliga 9091"]
[Site "Germany"]
[Date "1991.??.??"]
[Round "?"]
[White "Lutz, Christopher"]
[Black "Kindermann, Stefan"]
[Result "1/2-1/2"]
[WhiteElo "2445"]
[BlackElo "2530"]
[PlyCount "104"]
[EventDate "1990.10.??"]
[Source "ChessBase"]
[SourceDate "1999.07.01"]

1. d4 Nf6 2. c4 g6 3. Nc3 d5 4. cxd5 Nxd5 5. e4 Nxc3 6. bxc3 Bg7 7. Bc4 O-O 8. Be3 Nc6 9. Nf3 Na5 10. Be2 c5 11. O-O cxd4 12. cxd4 b6 13. Rc1 e6 14. Bd2 Qd6 15. Qa4 Bd7 16. Bb5 Rfd8 17. Rfd1 Bxb5 18. Qxb5 Qd7 19. Qxd7 Rxd7 20. Bxa5 bxa5 21. Rc5 Rad8 22. d5 a4 23. g4 h6 24. Kg2 f5 25. gxf5 gxf5 26. exf5 Rxd5 27. Rdxd5 exd5 28. Kf1 d4 29. Ke2 d3+ 30. Kd2 Bf8 31. Rc4 Rd5 32. Nd4 a3 33. Kxd3 Bg7 34. Ke4 Re5+ 35. Kf4 Re1 36. Rc8+ Kf7 37. Ne6 Be5+ 38. Kf3 Ra1 39. Ra8 Rxa2 40. Rxa7+ Kf6 41. Nc5 Kxf5 42. Nd3 Bxh2 43. Ra5+ Ke6 44. Rh5 Bd6 45. Rxh6+ Kd5 46. Rh4 Rc2 47. Nb4+ Bxb4 48. Rxb4 Rc4 49. Rb5+ Rc5 50. Rb1 a2 51. Ra1 Ra5 52. Kg4 Kc4 1/2-1/2

[Event "Schoeneck Open"]
[Site "Schoeneck"]
[Date "1988.??.??"]
[Round "6"]
[White "Garcia Palermo, Carlos H"]
[Black "Mohr, Stefan"]
[Result "0-1"]
[WhiteElo "2505"]
[BlackElo "2470"]
[PlyCount "80"]
[EventDate "1988.??.??"]
[Source "www.chesslib.no"]
[SourceDate "2004.05.04"]

1. d4 Nf6 2. c4 g6 3. Nc3 d5 4. cxd5 Nxd5 5. e4 Nxc3 6. bxc3 Bg7 7. Bc4 O-O 8. Be3 Nc6 9. f4 Na5 10. Be2 c5 11. Nf3 b6 12. O-O Bb7 13. Qd3 cxd4 14. cxd4 e6 15. Rac1 f5 16. e5 Bd5 17. Qa3 Qd7 18. Ba6 Rf7 19. Nd2 Bf8 20. Qb2 Rd8 21. Nb1 h6 22. Rf2 Rg7 23. Rfc2 g5 24. fxg5 hxg5 25. Rc7 Qxc7 26. Rxc7 Rxc7 27. Bxg5 Rdd7 28. Nc3 Bc4 29. Nb5 Bxb5 30. Qxb5 Nc6 31. Be3 Nb4 32. Bc8 Re7 33. Qxb4 Rxc8 34. d5 exd5 35. Qd6 Rce8 36. Qg6+ Bg7 37. Bg5 Rf7 38. Bf6 Kf8 39. e6 Rxf6 40. Qh5 Rexe6 0-1

[Event "Kirjeshakki-25 GM 8792"]
[Site "Kirjeshakki-25 GM 8792"]
[Date "1987.??.??"]
[Round "?"]
[White "Koskinen, Olli"]
[Black "Burger, Heinrich"]
[Result "0-1"]
[WhiteElo "2400"]
[BlackElo "2570"]
[PlyCount "76"]
[EventDate "1987.??.??"]
[Source "www.chesslib.no"]
[SourceDate "2004.05.04"]

1. d4 Nf6 2. c4 g6 3. Nc3 d5 4. cxd5 Nxd5 5. e4 Nxc3 6. bxc3 Bg7 7. Bc4 O-O 8. Ne2 Qd7 9. O-O b5 10. Bd3 c5 11. Be3 c4 12. Bc2 Na6 13. Rb1 Nc7 14. Qd2 Re8 15. f4 f5 16. Ng3 Rf8 17. Rbe1 Bb7 18. Kh1 e6 19. Bg1 a5 20. Re2 Rab8 21. Rd1 b4 22. cxb4 axb4 23. Qxb4 Bxe4 24. Qxc4 Bd5 25. Qa4 Qd6 26. Qa5 Qxf4 27. a4 Ne8 28. Qe1 Qg4 29. Nf1 Bh6 30. Rd3 Ng7 31. Rf2 Rfc8 32. Ne3 Bxe3 33. Qxe3 f4 34. Qe5 Rb2 35. Rdd2 f3 36. h3 Qh4 37. Kh2 Qh6 38. gxf3 Rc3 0-1